00430nam a2200145Ia 4500008004100000020001300041040001700054041001200071082002100083100001600104245005600120260004200176300001500218500005100233230917s9999||||xx |||||||||||||| ||und|| cGBP18.95 e240124aMAIN aEnglish a363.325019 B455S aBerko, Anat 0aSmarter bomb: Woman and children as suicide bombers aLanhambRowman And Little Fieldc2016 axv, 206 p. a2720 22/05/2017 KB17/36 26/05/2017 Main Budget